LIBRARY & INFORMATION CENTRE, KCAET, TAVANUR

ONLINE PUBLIC ACCESS CATALOGUE (OPAC)

Structural design and drawing, Vol 2 / (Record no. 5263)

MARC details
000 -LEADER
fixed length control field 00408cam a2200157ua 4500
003 - CONTROL NUMBER IDENTIFIER
control field OSt
008 - FIXED-LENGTH DATA ELEMENTS--GENERAL INFORMATION
fixed length control field 250602b |||||||| |||| 00| 0 eng d
041 ## - LANGUAGE CODE
Language code of text/sound track or separate title eng
082 ## - DEWEY DECIMAL CLASSIFICATION NUMBER
Classification number 624.171
Item number KRI/SI
100 ## - MAIN ENTRY--AUTHOR NAME
Personal name Krishnamurthy, D .
245 ## - TITLE STATEMENT
Title Structural design and drawing, Vol 2 /
250 ## - EDITION STATEMENT
Edition statement 1 /
260 ## - PUBLICATION, DISTRIBUTION, ETC. (IMPRINT)
Place of publication New Delhi :
Name of publisher C B S Publishers & Distributers ,
Year of publication 1985.
300 ## - PHYSICAL DESCRIPTION
Number of Pages 350 ; .
942 ## - ADDED ENTRY ELEMENTS (KOHA)
Koha item type Books
Holdings
Withdrawn status Lost status Damaged status Home library Current library Date acquired Full call number Accession Number Koha item type
      KAUAET KAUAET 02/09/1986 624.171 KRI/SI 15597 Books
free website counter